[Event "FICGS class C 000166 email"]
[Site "FICGS email"]
[Date "2012.01.21"]
[Round "1"]
[White "Kastidis, Gerd"]
[Black "Richard, Andy"]
[Result "1-0"]
[WhiteElo "1914"]
[BlackElo "1983"]
[PlyCount "35"]
[EventDate "2012.??.??"]
[EventType "tourn (corr)"]
[EventRounds "1"]
[SourceTitle "Corr 2022"]
[Source "ChessBase"]
[SourceDate "2021.10.24"]
[SourceVersion "1"]
[SourceVersionDate "2021.10.24"]
[SourceQuality "1"]

1. e4 e6 2. d4 d5 3. Nc3 Nf6 4. Bg5 dxe4 5. Nxe4 Be7 6. Bxf6 Bxf6 7. Nf3 Nd7 8. Bd3 c5 9. dxc5 Nxc5 10. Nxf6+ Qxf6 11. Bb5+ Bd7 12. Bxd7+ Nxd7 13. Qd4 Qxd4 14. Nxd4 0-0 15. 0-0 Rfd8 16. Rad1 Rac8 17. c3 a6 18. f4 1-0

[Event "FICGS class C 000166 email"]
[Site "FICGS email"]
[Date "2012.01.21"]
[Round "1"]
[White "Lois, Spyros"]
[Black "Richard, Andy"]
[Result "1-0"]
[WhiteElo "1801"]
[BlackElo "1983"]
[PlyCount "55"]
[EventDate "2012.??.??"]
[EventType "tourn (corr)"]
[EventRounds "1"]
[SourceTitle "Corr 2022"]
[Source "ChessBase"]
[SourceDate "2021.10.24"]
[SourceVersion "1"]
[SourceVersionDate "2021.10.24"]
[SourceQuality "1"]

1. e4 e6 2. d4 d5 3. Nc3 Bb4 4. e5 c5 5. a3 Bxc3+ 6. bxc3 Qc7 7. Nf3 b6 8. Bb5+ Bd7 9. Bd3 Ba4 10. dxc5 bxc5 11. c4 d4 12. 0-0 Nc6 13. Ng5 Rb8 14. Qf3 h5 15. Bf4 Nd8 16. Ne4 Kf8 17. Rab1 Rxb1 18. Rxb1 Bc6 19. Qe2 Ne7 20. Nd6 Nc8 21. c3 dxc3 22. Qc2 Nb7 23. Nxb7 Bxb7 24. Qxc3 h4 25. Be3 h3 26. Bxc5+ Kg8 27. Qd4 g6 28. g3 1-0

[Event "FICGS class C 000166 email"]
[Site "FICGS email"]
[Date "2012.01.21"]
[Round "1"]
[White "Richard, Andy"]
[Black "Abashidze, Paata"]
[Result "1-0"]
[WhiteElo "1983"]
[BlackElo "1800"]
[PlyCount "69"]
[EventDate "2012.??.??"]
[EventType "tourn (corr)"]
[EventRounds "1"]
[SourceTitle "Corr 2022"]
[Source "ChessBase"]
[SourceDate "2021.10.24"]
[SourceVersion "1"]
[SourceVersionDate "2021.10.24"]
[SourceQuality "1"]

1. d4 d5 2. Bf4 Nf6 3. e3 a6 4. Nf3 h6 5. Bd3 Nc6 6. h3 e6 7. 0-0 Bd6 8. c3 Bxf4 9. exf4 0-0 10. Nbd2 Qd6 11. Ne5 b5 12. Re1 Ne7 13. Nb3 Nd7 14. Qg4 f5 15. Qe2 Nf6 16. Nc5 Ne4 17. Bxe4 dxe4 18. f3 exf3 19. Qxf3 c6 20. a3 a5 21. Re2 a4 22. Rae1 Nd5 23. Qf2 Re8 24. Qh4 Nf6 25. g4 Qd8 26. gxf5 exf5 27. Nxc6 Qc7 28. Rxe8+ Nxe8 29. Rxe8+ Kh7 30. Ne5 Ra7 31. Qh5 Qb6 32. Ne6 Qxe6 33. Rxe6 Bxe6 34. Qg6+ Kg8 35. Qxe6+ 1-0

[Event "FICGS class C 000166 email"]
[Site "FICGS email"]
[Date "2012.01.21"]
[Round "1"]
[White "Tsimbalenko, Dmitry"]
[Black "Richard, Andy"]
[Result "1-0"]
[WhiteElo "1800"]
[BlackElo "1983"]
[PlyCount "55"]
[EventDate "2012.??.??"]
[EventType "tourn (corr)"]
[EventRounds "1"]
[SourceTitle "Corr 2022"]
[Source "ChessBase"]
[SourceDate "2021.10.24"]
[SourceVersion "1"]
[SourceVersionDate "2021.10.24"]
[SourceQuality "1"]

1. Nf3 f5 2. c4 Nf6 3. d4 e6 4. Nc3 Bb4 5. Qb3 c5 6. a3 Ba5 7. dxc5 Na6 8. Bd2 Nxc5 9. Qc2 Bxc3 10. Bxc3 d6 11. e3 Bd7 12. b3 0-0 13. Be2 Nfe4 14. Bb2 a5 15. 0-0 e5 16. Nd2 Bc6 17. Nxe4 Bxe4 18. Qc3 Rf6 19. f3 Bc6 20. b4 Na4 21. Qb3 Nxb2 22. c5+ Kh8 23. Qxb2 Rg6 24. cxd6 Qxd6 25. Rad1 Qe7 26. b5 Bd7 27. Rd5 e4 28. Qd4 1-0

[Event "FICGS class A 000106 email"]
[Site "FICGS email"]
[Date "2011.09.08"]
[Round "1"]
[White "Wolf, Bernd"]
[Black "Richard, Andy"]
[Result "1/2-1/2"]
[WhiteElo "2020"]
[BlackElo "1954"]
[PlyCount "85"]
[EventDate "2011.??.??"]
[EventType "tourn (corr)"]
[EventRounds "1"]
[SourceTitle "Corr 2013"]
[Source "ChessBase"]
[SourceDate "2012.11.12"]
[SourceVersion "1"]
[SourceVersionDate "2012.11.12"]
[SourceQuality "1"]

1. e4 c6 2. d4 d5 3. Nc3 dxe4 4. Nxe4 Bf5 5. Ng3 Bg6 6. h4 h6 7. Nf3 Nd7 8. h5 Bh7 9. Bd3 Bxd3 10. Qxd3 e6 11. Bf4 Ngf6 12. 0-0-0 Be7 13. Kb1 0-0 14. Ne4 Nxe4 15. Qxe4 Nf6 16. Qe2 Qd5 17. Ne5 Qe4 18. Qxe4 Nxe4 19. Rhe1 Nf6 20. g4 a5 21. c4 Rfd8 22. a4 Bb4 23. Rf1 Bd6 24. f3 Nd7 25. b3 Rac8 26. Bd2 b6 27. Bc3 Nxe5 28. dxe5 Be7 29. f4 g6 30. Kc2 Bc5 31. Rde1 Rf8 32. Rf3 Rcd8 33. Rh3 Kg7 34. Reh1 g5 35. fxg5 hxg5 36. Rd1 Rxd1 37. Kxd1 Rd8+ 38. Ke2 Rd7 39. Rd3 Rxd3 40. Kxd3 Kh7 41. Bd4 Bxd4 42. Kxd4 c5+ 43. Kd3 1/2-1/2

[Event "FICGS class C 000156 email"]
[Site "FICGS email"]
[Date "2011.09.05"]
[Round "1"]
[White "Block, Benjamin"]
[Black "Richard, Andy"]
[Result "1-0"]
[WhiteElo "1848"]
[BlackElo "1954"]
[PlyCount "51"]
[EventDate "2011.??.??"]
[EventType "tourn (corr)"]
[EventRounds "1"]
[SourceTitle "Corr 2022"]
[Source "ChessBase"]
[SourceDate "2021.10.24"]
[SourceVersion "1"]
[SourceVersionDate "2021.10.24"]
[SourceQuality "1"]

1. e4 c6 2. Nf3 d5 3. Nc3 dxe4 4. Nxe4 Bf5 5. Ng3 Bg6 6. h4 h6 7. Ne5 Bh7 8. Qh5 g6 9. Qf3 f6 10. Bc4 e6 11. Qg4 Qe7 12. Nxg6 f5 13. Qh5 Nf6 14. Nxe7+ Nxh5 15. Nxh5 Kxe7 16. d4 Nd7 17. 0-0 Nb6 18. Bb3 Kf7 19. Re1 Re8 20. Bd2 Rg8 21. g3 Bd6 22. c4 Bb8 23. Nf4 Nd7 24. Nxe6 Rxe6 25. Rxe6 Kxe6 26. c5+ 1-0

[Event "FICGS class C 000156 email"]
[Site "FICGS email"]
[Date "2011.09.05"]
[Round "1"]
[White "Richard, Andy"]
[Black "Migliorini, Roberto"]
[Result "1-0"]
[WhiteElo "1954"]
[BlackElo "1891"]
[PlyCount "77"]
[EventDate "2011.??.??"]
[EventType "tourn (corr)"]
[EventRounds "1"]
[SourceTitle "Corr 2022"]
[Source "ChessBase"]
[SourceDate "2021.10.24"]
[SourceVersion "1"]
[SourceVersionDate "2021.10.24"]
[SourceQuality "1"]

1. d4 Nf6 2. Bg5 Ne4 3. Bf4 d5 4. e3 Bf5 5. f3 Nf6 6. c4 e6 7. Nc3 c6 8. Qb3 Qc8 9. Nge2 Be7 10. cxd5 exd5 11. Ng3 Bg6 12. e4 0-0 13. Be2 Bd8 14. Bd6 Re8 15. e5 Nh5 16. Nxh5 Bxh5 17. 0-0 Bb6 18. Rad1 Nd7 19. g4 Bg6 20. f4 f5 21. Kh1 Nf8 22. Qc2 Qd7 23. Na4 Qf7 24. Nxb6 axb6 25. Bd3 fxg4 26. f5 Bh5 27. Rde1 Rxa2 28. Qf2 g5 29. e6 Qf6 30. Be5 Qe7 31. h4 Raa8 32. hxg5 Qxg5 33. f6 Bf7 34. exf7+ Kxf7 35. Qh2 h6 36. Bf4 Rxe1 37. Bxg5 Rxf1+ 38. Bxf1 hxg5 39. Qh8 1-0

[Event "FICGS class C 000155 email"]
[Site "FICGS email"]
[Date "2011.08.24"]
[Round "1"]
[White "Bayer, Bernhard"]
[Black "Richard, Andy"]
[Result "1-0"]
[WhiteElo "1992"]
[BlackElo "2000"]
[PlyCount "71"]
[EventDate "2011.??.??"]
[EventType "tourn (corr)"]
[EventRounds "1"]
[SourceTitle "Corr 2022"]
[Source "ChessBase"]
[SourceDate "2021.10.24"]
[SourceVersion "1"]
[SourceVersionDate "2021.10.24"]
[SourceQuality "1"]

1. d4 d5 2. c4 c6 3. Nf3 Nf6 4. Nc3 dxc4 5. a4 Bf5 6. e3 e6 7. Bxc4 Bb4 8. 0-0 0-0 9. Qe2 Nbd7 10. e4 Bg6 11. Bd3 Bh5 12. e5 Nd5 13. Nxd5 cxd5 14. Qe3 Be7 15. Bd2 Nb8 16. Ne1 Nc6 17. f4 Rc8 18. Bc3 Bg6 19. a5 a6 20. f5 Bxf5 21. Bxf5 exf5 22. Rxf5 Qd7 23. Qh3 Rfe8 24. Nd3 g6 25. Rf3 Qxh3 26. gxh3 Bg5 27. Raf1 Rc7 28. Kg2 Bh4 29. Kh1 Bd8 30. Rg1 Na7 31. Nf4 Rd7 32. Nd3 Nb5 33. Nc5 Rc7 34. Rgf1 Be7 35. Rxf7 Bxc5 36. Rxc7 1-0

[Event "FICGS class A 000104 email"]
[Site "FICGS email"]
[Date "2011.08.21"]
[Round "1"]
[White "Cade, Stephen"]
[Black "Richard, Andy"]
[Result "1-0"]
[WhiteElo "2036"]
[BlackElo "2000"]
[PlyCount "53"]
[EventDate "2011.??.??"]
[EventType "tourn (corr)"]
[EventRounds "1"]
[SourceTitle "Corr 2022"]
[Source "ChessBase"]
[SourceDate "2021.10.24"]
[SourceVersion "1"]
[SourceVersionDate "2021.10.24"]
[SourceQuality "1"]

1. e4 c6 2. d4 d5 3. e5 Bf5 4. Nf3 e6 5. Be2 Nd7 6. 0-0 Ne7 7. Nbd2 c5 8. c4 cxd4 9. Nxd4 Bg6 10. N2f3 a6 11. Be3 Rc8 12. Rc1 h6 13. Qb3 Nc5 14. Qa3 Nd7 15. Qa4 Bh5 16. Rfd1 Rc7 17. Nb3 Bxf3 18. gxf3 g5 19. Bb6 Rxc4 20. Rxc4 Qxb6 21. Na5 Nc6 22. Nxc6 Nc5 23. Rxc5 Bxc5 24. Nb4+ Kf8 25. Nd3 Kg7 26. f4 Rc8 27. Nxc5 1-0

[Event "FICGS class A 000104 email"]
[Site "FICGS email"]
[Date "2011.08.21"]
[Round "1"]
[White "Svensson, Leif"]
[Black "Richard, Andy"]
[Result "1-0"]
[WhiteElo "2105"]
[BlackElo "2000"]
[PlyCount "93"]
[EventDate "2011.??.??"]
[EventType "tourn (corr)"]
[EventRounds "1"]
[SourceTitle "Corr 2022"]
[Source "ChessBase"]
[SourceDate "2021.10.24"]
[SourceVersion "1"]
[SourceVersionDate "2021.10.24"]
[SourceQuality "1"]

1. e4 Nf6 2. e5 Nd5 3. d4 d6 4. Bc4 Nb6 5. Bb3 Bf5 6. Qf3 Qc8 7. exd6 cxd6 8. Ne2 Nc6 9. Nbc3 g6 10. Be3 Bg7 11. g4 Be6 12. Bxe6 Qxe6 13. 0-0-0 Qc4 14. Kb1 h5 15. gxh5 Rxh5 16. h4 Rc8 17. b3 Qb4 18. Ne4 Qa5 19. Bd2 Qd5 20. Bc1 Rf5 21. Qg4 Qe6 22. Rhe1 Qd7 23. Nf4 Ra5 24. Qg3 Kf8 25. h5 Qf5 26. hxg6 Nxd4 27. gxf7 Kxf7 28. Bb2 Rxc2 29. Bxd4 Bxd4 30. Kxc2 Be5 31. Kb1 Bxf4 32. Qd3 Re5 33. f3 Nd5 34. Re2 Nc7 35. Qc4+ Ne6 36. Qc2 Rd5 37. Rxd5 Qxd5 38. Nf2 Be5 39. Qh7+ Bg7 40. Qe4 Qe5 41. Qxe5 Bxe5 42. Nd3 Bf6 43. Rc2 a5 44. Rc8 b6 45. b4 axb4 46. Nxb4 Nd4 47. Nd5 1-0

[Event "FICGS class A 000103 email"]
[Site "FICGS email"]
[Date "2011.08.11"]
[Round "1"]
[White "Richard, Andy"]
[Black "Carrizo, Jose Luis"]
[Result "0-1"]
[WhiteElo "2000"]
[BlackElo "2101"]
[PlyCount "70"]
[EventDate "2011.??.??"]
[EventType "tourn (corr)"]
[EventRounds "1"]
[SourceTitle "Corr 2022"]
[Source "ChessBase"]
[SourceDate "2021.10.24"]
[SourceVersion "1"]
[SourceVersionDate "2021.10.24"]
[SourceQuality "1"]

1. d4 d6 2. Nf3 g6 3. c4 Bg7 4. Nc3 c5 5. dxc5 Bxc3+ 6. bxc3 dxc5 7. Qxd8+ Kxd8 8. g3 Nd7 9. Bg2 Ngf6 10. 0-0 Ne4 11. Ng5 Nxg5 12. Bxg5 f6 13. Be3 Kc7 14. Rfd1 a5 15. Rd5 Ra6 16. Rad1 Rc6 17. Bf4+ e5 18. Be3 b6 19. h4 Re6 20. R5d2 h6 21. Be4 f5 22. Bd5 Rd6 23. f3 Nf6 24. Bf7 Rc6 25. Kg2 Nh5 26. Bd5 Rd6 27. Bf7 Rf6 28. Bd5 g5 29. Rh1 g4 30. fxg4 f4 31. gxf4 Nxf4+ 32. Bxf4 Rxf4 33. g5 hxg5 34. hxg5 Rxh1 35. Kxh1 Rg4 0-1

[Event "FICGS class C 000153 email"]
[Site "FICGS email"]
[Date "2011.07.30"]
[Round "1"]
[White "Larsky, Mihail"]
[Black "Richard, Andy"]
[Result "1-0"]
[WhiteElo "1897"]
[BlackElo "2000"]
[PlyCount "105"]
[EventDate "2011.??.??"]
[EventType "tourn (corr)"]
[EventRounds "6"]
[SourceTitle "Corr 2013"]
[Source "ChessBase"]
[SourceDate "2012.11.12"]
[SourceVersion "1"]
[SourceVersionDate "2012.11.12"]
[SourceQuality "1"]

1. e4 c6 2. d4 d5 3. e5 c5 4. dxc5 Nc6 5. Bb5 e6 6. Be3 Nge7 7. c3 Bd7 8. Bxc6 Nxc6 9. f4 g5 10. fxg5 h6 11. Nf3 hxg5 12. Bxg5 Be7 13. Bxe7 Qxe7 14. Qe2 Qxc5 15. Nbd2 0-0-0 16. 0-0-0 Rdg8 17. Kb1 Qe7 18. h4 f6 19. exf6 Qxf6 20. Ng5 e5 21. g3 Be8 22. Ka1 Kb8 23. Rhf1 Qe7 24. Rfe1 Bh5 25. g4 Bg6 26. Qf2 Qd7 27. Qg3 Qc7 28. Nb3 e4 29. Qf2 Ne5 30. Nd4 a6 31. Nde6 Nxg4 32. Qg1 Qd6 33. Qxg4 Bh5 34. Qf5 Bxd1 35. Rxd1 Rxh4 36. a3 Qc6 37. Nf4 d4 38. Rxd4 Qb5 39. Qxb5 axb5 40. Nge6 e3 41. Ka2 Ka7 42. Kb3 Rgh8 43. Rd5 Re8 44. Rd1 Kb8 45. Re1 Kc8 46. Re2 Rg4 47. Kc2 Kd7 48. Nc5+ Kc6 49. Nfd3 Rg3 50. Nb3 Rf8 51. Nd4+ Kb6 52. Rh2 Rf6 53. Nf4 1-0

[Event "FICGS class C 000153 email"]
[Site "FICGS email"]
[Date "2011.07.30"]
[Round "1"]
[White "Richard, Andy"]
[Black "Pech, Jaroslav Sr"]
[Result "1-0"]
[WhiteElo "2000"]
[BlackElo "2000"]
[PlyCount "29"]
[EventDate "2011.??.??"]
[EventType "tourn (corr)"]
[EventRounds "6"]
[SourceTitle "Corr 2013"]
[Source "ChessBase"]
[SourceDate "2012.11.12"]
[SourceVersion "1"]
[SourceVersionDate "2012.11.12"]
[SourceQuality "1"]

1. d4 d5 2. Nf3 Nf6 3. c4 c6 4. Nc3 dxc4 5. a4 Bf5 6. e3 e6 7. Bxc4 Bb4 8. 0-0 0-0 9. Qe2 Nbd7 10. e4 Bg6 11. e5 Nd5 12. Bd2 Qa5 13. Bd3 Nxc3 14. bxc3 Bxc3 15. Bxc3 1-0

[Event "FICGS class A 000100 email"]
[Site "FICGS email"]
[Date "2011.07.20"]
[Round "1"]
[White "Carrizo, Jose Luis"]
[Black "Richard, Andy"]
[Result "1/2-1/2"]
[WhiteElo "2101"]
[BlackElo "2000"]
[PlyCount "64"]
[EventDate "2011.??.??"]
[EventType "tourn (corr)"]
[EventRounds "1"]
[SourceTitle "Corr 2022"]
[Source "ChessBase"]
[SourceDate "2021.10.24"]
[SourceVersion "1"]
[SourceVersionDate "2021.10.24"]
[SourceQuality "1"]

1. e4 e6 2. d4 d5 3. e5 c5 4. c3 Nc6 5. Nf3 Qb6 6. a3 Nh6 7. b4 cxd4 8. cxd4 Nf5 9. Bb2 Bd7 10. g4 Nfe7 11. Nc3 h5 12. Na4 Qc7 13. g5 Ng6 14. Bc3 Be7 15. Rc1 a6 16. Bd2 b6 17. Bd3 0-0 18. 0-0 Rfc8 19. Qb3 Qb7 20. Nc3 Bd8 21. h3 b5 22. Ne2 Nce7 23. Rxc8 Rxc8 24. Qb2 Nf8 25. Nc1 Be8 26. Nb3 Nd7 27. Nc5 Qa7 28. Bc3 Nb6 29. Ra1 Nc4 30. Qc1 a5 31. Nh4 g6 32. Ng2 Nc6 1/2-1/2

[Event "FICGS class C 000151 email"]
[Site "FICGS email"]
[Date "2011.07.16"]
[Round "1"]
[White "Richard, Andy"]
[Black "Teverovski, Bogoljub"]
[Result "1/2-1/2"]
[WhiteElo "2000"]
[BlackElo "2000"]
[PlyCount "136"]
[EventDate "2011.??.??"]
[EventType "tourn (corr)"]
[EventRounds "6"]
[SourceTitle "Corr 2013"]
[Source "ChessBase"]
[SourceDate "2012.11.12"]
[SourceVersion "1"]
[SourceVersionDate "2012.11.12"]
[SourceQuality "1"]

1. d4 Nf6 2. Bg5 c5 3. Bxf6 gxf6 4. d5 d6 5. e3 Qb6 6. Qc1 f5 7. Nd2 Nd7 8. Nc4 Qc7 9. a4 Nf6 10. Qd2 Rg8 11. Ne2 e6 12. Nf4 exd5 13. Na3 Be6 14. Nb5 Qc6 15. Nd4 Qc8 16. Bb5+ Ke7 17. Nf3 Bh6 18. 0-0 Bxf4 19. exf4 Ne4 20. Qe3 d4 21. Qe2 Qc7 22. Qd1 Kf8 23. Re1 d5 24. Qc1 Qa5 25. Bd3 Kg7 26. Ra3 Rae8 27. c3 dxc3 28. bxc3 Qc7 29. a5 f6 30. Bb5 Re7 31. Qe3 Nd6 32. Bf1 Rge8 33. Qc1 Bf7 34. Rxe7 Qxe7 35. Ra1 Bh5 36. Nh4 Qe6 37. g3 Qc8 38. Qd2 Bf7 39. Bg2 Qd7 40. Qd3 Ne4 41. Rb1 Be6 42. Qb5 Qxb5 43. Rxb5 b6 44. axb6 axb6 45. Rxb6 Nxc3 46. Bf1 Kf7 47. Bd3 d4 48. Nxf5 Bxf5 49. Bxf5 c4 50. Rc6 d3 51. Rc7+ Re7 52. Rxc4 d2 53. Bc2 d1Q+ 54. Bxd1 Nxd1 55. g4 Nb2 56. Rd4 Rc7 57. Kg2 Nc4 58. Rd8 Nb6 59. Kg3 Nd7 60. h4 Nc5 61. g5 Rd7 62. Ra8 Kg6 63. f3 Rf7 64. Rg8+ Kf5 65. Rd8 Nd7 66. Rc8 Re7 67. Ra8 Kg6 68. Ra5 Kg7 1/2-1/2

[Event "FICGS class A 000098 email"]
[Site "FICGS email"]
[Date "2011.07.12"]
[Round "1"]
[White "Richard, Andy"]
[Black "Nudo, Davide"]
[Result "1-0"]
[WhiteElo "2000"]
[BlackElo "2000"]
[PlyCount "33"]
[EventDate "2011.??.??"]
[EventType "tourn (corr)"]
[EventRounds "6"]
[SourceTitle "Corr 2013"]
[Source "ChessBase"]
[SourceDate "2012.11.12"]
[SourceVersion "1"]
[SourceVersionDate "2012.11.12"]
[SourceQuality "1"]

1. d4 Nf6 2. Bg5 Ne4 3. Bf4 c5 4. f3 Qa5+ 5. c3 Nf6 6. Nd2 cxd4 7. Nb3 Qb6 8. Qxd4 Nc6 9. Qxb6 axb6 10. Nd4 e5 11. Nxc6 exf4 12. Nd4 Rg8 13. g3 Bc5 14. gxf4 Nd5 15. Kf2 Nxf4 16. e3 Ne6 17. Bc4 1-0

[Event "FICGS class A 000098 email"]
[Site "FICGS email"]
[Date "2011.07.12"]
[Round "1"]
[White "Riha, Josef"]
[Black "Richard, Andy"]
[Result "1-0"]
[WhiteElo "2022"]
[BlackElo "2000"]
[PlyCount "91"]
[EventDate "2011.??.??"]
[EventType "tourn (corr)"]
[EventRounds "6"]
[SourceTitle "Corr 2013"]
[Source "ChessBase"]
[SourceDate "2012.11.12"]
[SourceVersion "1"]
[SourceVersionDate "2012.11.12"]
[SourceQuality "1"]

1. e4 e6 2. d4 d5 3. Nd2 Be7 4. e5 c5 5. Qg4 Kf8 6. dxc5 Nc6 7. Ngf3 h5 8. Qg3 h4 9. Qf4 g5 10. Qe3 Nh6 11. h3 b6 12. Bb5 Nb4 13. Qc3 bxc5 14. a3 Rb8 15. axb4 Rxb5 16. bxc5 Rxc5 17. Qd3 Ra5 18. Rxa5 Qxa5 19. Nd4 Ba6 20. Qf3 Qb6 21. N2b3 Kg7 22. g4 Re8 23. Bd2 Kh7 24. Kd1 Bc4 25. Kc1 Rc8 26. Kb1 Rb8 27. Rd1 Ra8 28. Ba5 Qa6 29. Bc3 Qb6 30. Nd2 Ba6 31. Qe3 Rc8 32. N2f3 Rg8 33. Qc1 Bb7 34. Bd2 Qd8 35. Be3 Rg6 36. Rd3 a5 37. Rb3 Ba8 38. Bd2 a4 39. Rb5 Ng8 40. Bb4 Bxb4 41. Rxb4 a3 42. b3 a2+ 43. Kxa2 Nh6 44. Qa3 Rg8 45. Qa7 Kh8 46. Rb6 1-0

[Event "P-4693"]
[Site "IECC email"]
[Date "2011.02.27"]
[Round "?"]
[White "Cofer, David"]
[Black "Richard, Andy"]
[Result "1-0"]
[WhiteElo "1585"]
[BlackElo "1352"]
[PlyCount "77"]
[EventDate "2011.??.??"]
[EventType "tourn (corr)"]
[SourceTitle "Telechess CBM 145"]
[Source "Chessbase"]
[SourceDate "2011.11.11"]
[SourceVersion "1"]
[SourceVersionDate "2011.11.11"]
[SourceQuality "1"]
[WhiteTeam "US of America"]
[BlackTeam "Canada"]
[WhiteTeamCountry "USA"]
[BlackTeamCountry "CAN"]

1. e4 e6 2. d4 d5 3. Nd2 Be7 4. Ngf3 Nf6 5. Bd3 c5 6. e5 Nfd7 7. c3 Nc6 8. 0-0 a5 9. a4 Qb6 10. dxc5 Nxc5 11. Bb5 0-0 12. Nb3 Nxb3 13. Qxb3 f6 14. exf6 Bxf6 15. Be3 Qc7 16. Rfd1 Ne5 17. Nxe5 Bxe5 18. g3 Bd7 19. f4 Bf6 20. Bxd7 Qxd7 21. f5 Ra6 22. Rd3 Re8 23. fxe6 Raxe6 24. Rxd5 Qf7 25. Bf2 Re2 26. Rb5 Qxb3 27. Rxb3 R8e7 28. Kf1 Rc2 29. Re1 Rd7 30. Re2 Rc1+ 31. Kg2 Ra1 32. Re4 h6 33. Be3 Re1 34. h4 Kh7 35. Kf2 Rh1 36. Rb5 Rf7 37. Rf4 Re7 38. Kg2 Re1 39. Bb6 1-0